LEADER 01168nam0 2200301 450 001 000029709 005 20131202170739.0 010 $a978-88-548-5305-8 100 $a20131129d2012----km-y0itay50------ba 101 0 $aita 102 $aIT 105 $ay-------001yy 200 1 $a<>orientamento allo sviluppo integrale nel governo dell\2019azienda$fAntonio Thomas 210 $aRoma$cAracne$d2012 215 $a198 p.$d24 cm. 225 2 $aA13$iscienze economiche e statistiche 410 0$12001$aA13$iscienze economiche e statistiche 500 10$a<>orientamento allo sviluppo integrale nel governo dell\2019azienda$940396 610 1 $aAziende$aGestione$aStrategia 676 $a658.001$v22$9Gestione in generale. Filosofia e teoria 676 $a658.4012$v21$9Gestione esecutiva. Pianificazione e formazione degli indirizzi 700 1$aThomas,$bAntonio$0633904 801 0$aIT$bUNIPARTHENOPE$c20131129$gRICA$2UNIMARC 912 $a000029709 951 $aPARTH-THO/1$b44775$cNAVA1$d2013 951 $aP1 658-O/2$b44774$cPIST$d2013 996 $aOrientamento allo sviluppo integrale nel governo dell\2019azienda$940396 997 $aUNIPARTHENOPE LEADER 01129nam0 22002531i 450 001 UON00259347 005 20231205103705.756 100 $a20041206f1977 |0itac50 ba 101 $apor 102 $aPT 105 $a||||f ||||| 200 1 $aGrande dicionário da literatura portuguesa e de teoria literária. 1.:$bA-BO]$fdirigido por Joao José Cochofel 210 $a[S.l.]$cIniciativas Editoriais$dstampa 1977 215 $aXXXIII, 772 p., 12 c. di tav.$cill.$d26 cm 606 $aLetteratura portoghese$xEnciclopedie e dizionari$3UONC055422$2FI 676 $a869.03$cLetteratura portoghese. Dizionari e concordanze$v21 702 1$aCOCHOFEL$bJoao José$3UONV151645 712 $aIniciativas Editoriais$3UONV270530$4650 801 $aIT$bSOL$c20251010$gRICA 899 $aSIBA - SISTEMA BIBLIOTECARIO DI ATENEO$2UONSI 912 $aUON00259347 950 $aSIBA - SISTEMA BIBLIOTECARIO DI ATENEO$dSI S.C III E 025 $eSI LO 20733 7 025 996 $aGrande dicionário da literatura portuguesa e de teoria literária$91238101 997 $aUNIOR